Science Quiz

Random Science or Anatomy Quiz

'S' Bones Quiz Stats

 Plays Quiz Updated Jul 6, 2015

Challenge
Share
Tweet
Embed
Score 0/6 Timer 04:00
1 Play Today
% Correct
scapula
85.5%
sternum
74%
sacrum
51.7%
stapes
39.9%
scaphoid
35.6%
sphenoid
34.8%

You're not logged in!

Compare scores with friends on all Sporcle quizzes.
Join for Free
OR
Log In

You Might Also Like...

Show Comments

Extras

Top Quizzes Today


Score Distribution

Your Account Isn't Verified!

In order to create a playlist on Sporcle, you need to verify the email address you used during registration. Go to your Sporcle Settings to finish the process.

Report this User

Report this user for behavior that violates our Community Guidelines.

Details: